Sports Quiz

Random Sports or WWE Quiz

WWE SummerSlam Main Events Quiz Stats

 Plays Quiz Updated Aug 18, 2014

Challenge
Share
Tweet
Embed
Score 0/87 Timer 06:00
24 Plays Today
Year Wrestler % Correct
2006John Cena
95.4%
2007John Cena
95.4%
2013John Cena
95.1%
2014John Cena
95.1%
2010John Cena
95%
1994The Undertaker
93.2%
1997The Undertaker
93.2%
1998The Undertaker
93.2%
2008The Undertaker
93.2%
1999Triple H
93.1%
2000Triple H
93.1%
2003Triple H
93.1%
1988Hulk Hogan
92.9%
1989Hulk Hogan
92.9%
1991Hulk Hogan
92.9%
2005Hulk Hogan
92.9%
2012Triple H
92.8%
1994'The Undertaker'
92.6%
2015The Undertaker
91.4%
2011John Cena
91.2%
2000The Rock
89.9%
2001The Rock
89.9%
2002The Rock
89.9%
2012Brock Lesnar
89.4%
2017Brock Lesnar
89.3%
1996Shawn Michaels
89.3%
2003Shawn Michaels
89.3%
2005Shawn Michaels
89.3%
2014Brock Lesnar
89.2%
Year Wrestler % Correct
2015Brock Lesnar
89.1%
2016Brock Lesnar
89.1%
2002Brock Lesnar
88.9%
2003Randy Orton
87.3%
2004Randy Orton
87.3%
2007Randy Orton
87.3%
2016Randy Orton
87.2%
1998Steve Austin
86.7%
1999Steve Austin
86.7%
1992Bret Hart
86%
1997Bret Hart
86%
2010Bret Hart
85.6%
1988Randy Savage
83.2%
1989Randy Savage
83.2%
2017Roman Reigns
83%
2006Edge
82.8%
2008Edge
82.8%
2010Edge
82.4%
2003Chris Jericho
79.8%
2010Chris Jericho
79.5%
2009CM Punk
79.4%
2013Daniel Bryan
77.5%
2010Daniel Bryan
76.5%
2011CM Punk
76.3%
1999Mankind
73.5%
1990The Ultimate Warrior
73.3%
1991The Ultimate Warrior
73.3%
2000Kurt Angle
72.4%
1995Diesel
71.4%
Year Wrestler % Correct
2003Kevin Nash
71.4%
1988Ted Dibiase
70.4%
2017Braun Strowman
69.6%
2017Samoa Joe
68.8%
2004Chris Benoit
68%
2010Wade Barrett
68%
1988Andre the Giant
67.3%
2009Jeff Hardy
64.7%
1993Yokozuna
60.4%
2010Heath Slater
59.4%
2010Skip Sheffield
59.3%
2003Goldberg
59%
2001Booker T
56.2%
2010Justin Gabriel
54.8%
1992British Bulldog
53.6%
2010David Otunga
52.8%
1991Sgt. Slaughter
52.2%
1993Lex Luger
49.7%
2010Darren Young
46.4%
2010R-Truth
45.1%
1990Rick Rude
45.1%
2010John Morrison
44.6%
2010Michael Tarver
44.1%
1991Colonel Mustafa
43.1%
1996Vader
41.8%
1989Brutus Beefcake
40.8%
1995King Mabel
38.9%
1989Zeus
38.7%
1991General Adnan
33%

You're not logged in!

Compare scores with friends on all Sporcle quizzes.
Join for Free
OR
Log In

You Might Also Like...

Show Comments

Extras

Top Quizzes Today


Score Distribution

Your Account Isn't Verified!

In order to create a playlist on Sporcle, you need to verify the email address you used during registration. Go to your Sporcle Settings to finish the process.

Report this User

Report this user for behavior that violates our Community Guidelines.

Details: